000
00335nam a2200133Ia 4500
008
150201s2014 xx 000 0 und d
082
_a
617.632
_b
C2012N
100
_a
NEWMAN ,MICHAEL
245
_a
CARRANZAS CLINICAL PERIODONTOLOGY
250
_a
11TH
260
_b
ELSEVIER PUBLICATION
650
_a
PERIODONTICS
942
_2
ddc
_c
BK
_0
34
999
_c
4876
_d
4876